000 00881cab a2200241 4500
001 ABS51772
008 090401t1994 xxu||||| |||| 00| 0 eng d
035 _a(Sirsi) u43479
041 _aeng
100 _aPottinger, G.
245 4 _aThe management of leasehold flats
260 _c1994
350 _a0
490 _aCSM (Chartered Surveyor Monthly)
_v4(2) November/December 1994, 19(1)
520 _aHighlights the role of professional managing agents in advising flat management companies, discussed in "Flats as a way of life: flat management companies in England and Wales" (College of Estate Management £9.95)
650 _aFLAT MANAGEMENT COMPANIES
650 _aLEASEHOLD FLATS
650 _aLEASEHOLD REFORM, HOUSING AND URBAN DEVELOPMENT ACT 1993
650 _aMANAGING AGENTS
690 _aLandlord and tenant
_96252
942 _n0
948 _c04/03/1997
999 _c27733
_d27733